000
00286nam a22001337a 4500
003
SGT
082
_a
616.994
_b
M17C
100
_a
CASCIATO, DENNIS A.
245
_a
MANUAL OF CLINICAL ONCOLOGY
250
_a
7TH
260
_a
INDIA
_b
WOLTER
_c
2017
300
_a
928
942
_2
ddc
_c
BK
999
_c
15121
_d
15121